[Event "Hunan Belt and Road Open 2019"]
[Site "Hunan"]
[Date "2019.07.30"]
[Round "2.10"]
[White "Le, Quang Liem"]
[Black "Dai, Changren"]
[Result "1/2-1/2"]
[WhiteElo "2713"]
[BlackElo "2510"]
[Annotator "TA"]
[PlyCount "86"]
[EventDate "2019.07.29"]
[EventType "swiss"]
[EventCountry "CHN"]
[SourceTitle "playchess.com"]
[Source "ChessBase"]
[SourceQuality "1"]

{[%evp 21,86,0,0,0,0,-18,-14,-17,-6,-12,17,12,20,20,10,12,35,25,47,-13,-6,-10,19,12,35,0,45,0,0,0,0,-8,-8,-8,-8,-73,-77,-70,-70,-367,-367,-367,-342,-367,-367,-392,-283,-283,-283,-283,-283,-272,-272,-255,-185,-232,-227,-243,-243,-237,-239,-223,-197,-197,-189,-182,-182]} 1. e4 e5 2. Nf3 Nc6 3. Bb5 a6 4. Ba4 Nf6 5. O-O Be7 6. Re1 b5 7. Bb3 O-O $146 ({Predecessor:} 7... d6 8. c3 O-O {½-½ (52) Amonatov,F (2574)-Korotylev,A (2620) Moscow 2007}) 8. d4 d6 9. c3 Bg4 10. d5 Na5 {[%cal Bc6a5,Ba5b7,Bb7d8,Bd8e6][%mdl 32]} 11. Bc2 Qc8 12. Nbd2 {[%cal Bb1d2,Bd2f1,Bf1g3,Bg3f5][%mdl 32] C91: Closed Ruy Lopez: 7...d6 8 c3 0-0 9 d4} c6 13. b4 Nb7 14. dxc6 {The position is equal.} Qxc6 15. Bb2 Nd8 16. Nf1 Ne6 17. h3 Bh5 18. Ng3 Bg6 19. Nh4 Rfe8 20. a4 ({Better is} 20. Nxg6 $14 hxg6 21. Bb3) 20... Rad8 $11 21. Ngf5 Bf8 22. Qf3 Nf4 23. Bb3 d5 {[%cal Rf6e4]} (23... Bh5 $5 {[%cal Rh5f3]} 24. g4 Bg6 $14) 24. exd5 N6xd5 25. axb5 axb5 26. Rad1 Bh5 27. g4 Bg6 $1 28. Kh2 (28. Bc1 $11 {remains equal.} Bxf5 29. Nxf5 Qxc3 30. Qxc3 Nxc3 31. Rxd8 Rxd8 32. Bxf4 exf4 33. Ne7+ Kh8 34. Nc6) 28... Bxf5 $17 29. Nxf5 Nxb4 $1 30. Re4 $2 {[%mdl 8192]} ({White should play} 30. Nh4 $15 Rxd1 31. Rxd1 Qxf3 32. Nxf3) 30... Rxd1 $19 31. Bxd1 {[#]} Nbd3 $1 {[%cal Rd3b2]} 32. Rxf4 e4 33. Qg3 g5 34. Rxe4 Qxe4 35. Bc2 Rd8 {[#] And now ...Qe2 would win.} 36. Bc1 h6 37. Be3 Qe5 38. Bd4 {Black is clearly better.} Qxg3+ 39. fxg3 Nc5 40. Kg2 Ne6 41. Be3 Rc8 {...b4 is the strong threat.} 42. Bd3 Rxc3 43. Bxb5 Kh7 {Accuracy: White = 30%, Black = 67%.} 1/2-1/2

[Event "Hunan Belt and Road Open 2019"]
[Site "Hunan"]
[Date "2019.07.30"]
[Round "2.11"]
[White "Tan, Zhongyi"]
[Black "Amin, Bassem"]
[Result "1/2-1/2"]
[WhiteElo "2511"]
[BlackElo "2707"]
[Annotator "TA"]
[PlyCount "148"]
[EventDate "2019.07.29"]
[EventType "swiss"]
[EventCountry "CHN"]
[SourceTitle "playchess.com"]
[Source "ChessBase"]
[SourceQuality "1"]

{[%evp 19,148,32,46,28,33,16,68,68,68,68,75,68,77,-15,124,60,56,64,70,57,64,65,61,0,49,35,51,0,84,78,77,86,95,88,112,105,105,95,127,107,138,89,167,148,137,130,139,64,70,0,0,0,0,-302,-293,-317,-327,-436,-434,-577,-567,-507,-500,-1089,-1090,-1070,-1064,-994,-987,-883,-381,-378,-351,-1053,0,0,0,0,0,0,0,1,8,8,8,8,8,8,14,0,0,0,0,0,0,0,0,0,0,0,0,0,0,0,0,0,0,0,0,0,20,20,20,20,22,22,22,22,22,22,36,20,20,20,20,0,0,0,0,0,0]} 1. d4 Nf6 2. c4 g6 3. Nc3 Bg7 4. e4 O-O 5. Be3 d6 6. h3 Nbd7 7. Nf3 e5 8. d5 Nc5 9. Nd2 a5 10. g4 c6 11. Qc2 {E90: King's Indian: Classical: Early deviations and 6 h3} (11. Be2 a4 12. h4 Qa5 13. f3 a3 14. Qc2 axb2 15. Qxb2 h5 16. g5 Nfd7 17. O-O f6 18. Kg2 Qd8 19. Nb3 fxg5 20. hxg5 {½-½ (67) Nepomniachtchi,I (2757)-Grischuk,A (2766) chess.com INT 2018}) 11... a4 12. a3 Qa5 (12... h5 $11) 13. O-O-O $14 {White is slightly better.} Bd7 14. Be2 Rfc8 15. Kb1 $1 Rab8 $146 ({Predecessor:} 15... h6 16. Rhf1 {½-½ (36) Schulz,R (2411)-Arounopoulos,S (2345) ICCF email 2015}) 16. Rdg1 (16. f3 $16) 16... Be8 (16... cxd5 $11 {keeps the balance.} 17. exd5 h6) 17. g5 (17. h4 $1 $16) 17... Nh5 $1 18. Bxh5 gxh5 19. Rc1 Kh8 20. h4 f6 21. f3 ({Better is} 21. gxf6 $14 Bxf6 22. Rcd1) 21... Bg6 22. Ka2 Rf8 23. Rh2 (23. Bxc5 $14 Qxc5 24. Nxa4) 23... f5 (23... fxg5 $11 24. Bxg5 Bf6) 24. Bxc5 $16 Qxc5 25. Qxa4 fxe4 26. fxe4 (26. Ncxe4 $6 Qd4 $11) 26... Ra8 27. Qb3 Rf7 28. Re2 Qd4 29. Qb4 Bf8 30. Rce1 Rc7 (30... Re8 $16) 31. Nb3 Qa7 32. Rf1 Be7 {Threatens to win with ...c5.} 33. dxc6 ({White should try} 33. Nd2 $16) 33... bxc6 $14 34. c5 (34. Nb1 $1 $14) 34... Rb7 $11 (34... dxc5 $5 35. Qc4 $8 Rb7 $14) 35. Qc4 Rab8 $36 {[%mdl 2048] Black is pushing.} 36. Nc1 $2 {[%mdl 8192]} (36. Qe6 $11 dxc5 37. Qxe5+ Kg8 38. Qe6+ Kh8 39. Nc1) 36... d5 $1 $19 {[%cal Rd5c4]} 37. exd5 Rb4 $1 {[%cal Rb4c4]} (37... Bxc5 38. Na4 $15) 38. Nb5 R4xb5 (38... Rxc4 39. Nxa7 cxd5 40. Nc6 $16) 39. d6 Bf8 40. Nd3 Bg7 {Hoping for ...e4.} 41. b4 (41. Re4 $142) 41... Bxd3 {[%mdl 64] Overworked Piece} 42. Qxd3 Rxb4 $1 43. d7 Rd8 ({Wrong is} 43... Rd4 $2 44. Qxd4 $1 {[%mdl 512]} exd4 45. Re8+ Bf8 46. Rexf8+ (46. Rfxf8+ Kg7 $11) 46... Kg7 47. R8f7+ Kg8 48. d8=Q+ $1 {[%mdl 512]} Rxd8 49. Rxa7 $18) 44. Rf7 Rbb8 (44... e4 $142 {...Rb2+! is the strong threat.} 45. Qe3 Qa6 $1 {[%mdl 512]} 46. Rxg7 Qc4+ 47. Ka1 Kxg7 48. axb4 Rxd7) 45. Rxe5 {[#]} Rb2+ $1 {[%mdl 512]} 46. Ka1 $2 {[#]} (46. Kxb2 Qb8+ {[%mdl 64] Double Attack, Pin} 47. Kc2 Qxe5 48. Qc4) 46... Rd2 $2 {[#]} ({Black should play} 46... Rb3 $1 $19 {[%mdl 512]} 47. Qxb3 Qxc5 {[%mdl 64] Pin}) 47. Qc3 $1 $11 {[%mdl 512] [#]} Qxa3+ $1 {[%mdl 512]} 48. Qxa3 {Intending Qc3! and mate.} Bxe5+ 49. Kb1 Rb8+ 50. Kc1 Bb2+ {[%mdl 64] Double Attack} 51. Kxd2 {Threatening mate with Qd3.} Bxa3 {[%mdl 4096] Endgame KRB-KR} 52. Re7 $1 {[%cal Re7e8]} Rg8 $1 53. Re8 Bb4+ 54. Kd3 Ba5 55. Ke4 {And now Ke5 would win.} Kg7 56. Ke5 {Black must now prevent Kd6.} Kf7 $1 57. Rc8 Bd8 58. Rxc6 Ke7 59. Rh6 Kxd7 60. Rxh7+ Kc6 61. Rxh5 Be7 62. Rh6+ Kxc5 63. Ke6 Rg7 64. Rh8 Kd4 65. Kf5 {Strongly threatening g6.} Rf7+ 66. Kg6 Rf4 67. Re8 Bd6 68. h5 Be5 69. h6 {aiming for Kh7.} Ke4 70. Kh7 {[%mdl 1024] White has compensation.} Rf7+ $1 {The position is equal.} 71. Kg8 Rb7 72. g6 Kf5 73. g7 Bxg7 $1 74. hxg7 {White wants to mate with Kf8.} Kf6 $1 {Accuracy: White = 53%, Black = 62%.} 1/2-1/2

[Event "Hunan Belt and Road Open 2019"]
[Site "Hunan"]
[Date "2019.07.30"]
[Round "2.12"]
[White "Matlakov, Maxim"]
[Black "Khademalsharieh, Sarasadat"]
[Result "1/2-1/2"]
[WhiteElo "2701"]
[BlackElo "2481"]
[Annotator "TA"]
[PlyCount "57"]
[EventDate "2019.07.29"]
[EventType "swiss"]
[EventCountry "CHN"]
[SourceTitle "playchess.com"]
[Source "ChessBase"]
[SourceQuality "1"]

{[%evp 10,57,16,11,52,18,25,0,0,-7,8,15,15,15,14,16,14,8,10,15,15,18,8,21,15,20,18,18,16,12,10,10,35,41,37,38,44,44,57,0,0,0,24,-86,0,0,0,0,0,0]} 1. c4 e5 2. g3 Nf6 3. Bg2 Bc5 4. Nc3 O-O 5. Nf3 Nc6 6. O-O d5 {A29: English Opening: Four Knights Variation with 4 g3} 7. cxd5 (7. Nxe5 $5 Nxe5 8. d4 $14 {[%mdl 64] Double Attack}) 7... Nxd5 8. d3 Bb6 (8... h6 9. Nxd5 Qxd5 10. a3 a5 11. Bd2 Qe6 12. Rc1 Qe7 13. Bc3 Nd4 14. e3 Nxf3+ 15. Qxf3 Bd6 16. Qh5 c6 {1-0 (38) Carlsen,M (2845)-Giri,A (2797) Shamkir 2019}) 9. Bd2 Re8 (9... Bg4 {feels hotter.} 10. Na4 h6 11. Rc1 Qd6 12. h3 Be6) 10. Nxd5 $146 ({Predecessor:} 10. Rc1 Bg4 11. Qa4 Nxc3 12. Bxc3 Qd7 13. e3 Rad8 14. Rfe1 Bxf3 15. Bxf3 {1-0 (64) Tari,A (2625)-Vrolijk,L (2433) chess.com INT 2019}) 10... Qxd5 11. b4 Qd6 12. a4 {[%cal Ba2a4,Ba4a5][%mdl 32]} a6 13. Rb1 Nd4 14. a5 Ba7 15. Nxd4 exd4 16. b5 axb5 $1 17. Rxb5 c6 18. Rb2 Bc5 19. Bf3 Qd8 20. Qc2 Bd6 21. Ra1 Ra6 22. Ra4 Bc7 {[%cal Rc7a5]} 23. Qc5 Be5 24. Bf4 (24. Rb6 $14) 24... Bxf4 $11 25. gxf4 Qf6 26. Rb6 (26. Qxd4 $11 Qxd4 27. Rxd4) 26... Qg6+ (26... Qxf4 $17 {...Re5 is the strong threat.} 27. Rxa6 Bh3) 27. Qg5 {Strongly threatening Qxg6.The position is equal.} Rxb6 28. axb6 Qd6 29. f5 {Accuracy: White = 73%, Black = 71%.} 1/2-1/2

[Event "Hunan Belt and Road Open 2019"]
[Site "Hunan"]
[Date "2019.07.30"]
[Round "2.13"]
[White "Peng, Xiongjian"]
[Black "Vallejo Pons, Francisco"]
[Result "0-1"]
[WhiteElo "2467"]
[BlackElo "2687"]
[Annotator "TA"]
[PlyCount "112"]
[EventDate "2019.07.29"]
[EventType "swiss"]
[EventCountry "CHN"]
[SourceTitle "playchess.com"]
[Source "ChessBase"]
[SourceQuality "1"]

{[%evp 13,112,18,12,6,6,13,29,27,37,35,58,1,47,12,56,52,52,58,91,67,64,14,20,13,15,-15,-11,-9,0,-6,-5,-10,-16,-15,0,-10,-8,-8,-4,-25,-7,-63,-69,-58,-56,-45,-26,-51,-62,-65,-70,-81,-89,-117,-125,-144,-144,-153,-153,-137,-121,-111,-111,-175,-182,-260,-220,-387,-196,-877,-839,-1152,-1022,-1006,-827,-1217,-1504,-1529,-1429,-1512,-1163,-1541,-1543,-1366,-1336,-1632,-1557,-5440,-5056,-4694,-4800,-29965,-29969,-29971,-29970,-29974,-29973,-5097,-29968,-29966,-29967]} 1. d4 e6 2. c4 f5 3. Nf3 Nf6 4. g3 Bb4+ 5. Nbd2 b6 6. Bg2 Bb7 7. O-O O-O 8. b3 {E32: Nimzo-Indian: Classical (4 Qc2): 4...0-0} (8. Qc2 Qe8 9. c5 Bxd2 10. Bxd2 Be4 11. Qb3 Nc6 12. Bf4 Nd5 13. Rfd1 Qh5 14. Rd2 Rf6 15. Be5 Rh6 {0-1 (34) Kopylov,M (2460)-Rodshtein,M (2682) Basel 2014}) 8... a5 $146 ({Predecessor:} 8... c5 9. e3 Nc6 10. Bb2 cxd4 11. exd4 d5 12. a3 Be7 13. b4 Ne4 14. c5 a6 15. Nb3 bxc5 16. dxc5 {1-0 (49) Steingrimsson,H (2550)-Bromann,T (2429) Reykjavik 2011}) 9. a3 Be7 10. Bb2 {White has an edge.} Na6 11. Qc2 c5 12. Rfd1 (12. d5 $14) 12... Qc8 13. Rac1 (13. d5 $5) 13... a4 14. d5 $1 axb3 15. Qxb3 Rb8 {[%cal Re6d5]} 16. dxe6 d6 17. Nb1 Ne4 18. Nc3 ({Don't play} 18. Qxb6 Nxf2 19. Kxf2 Bxf3 $17) 18... Qxe6 19. Nd5 Bxd5 20. cxd5 Qf7 $1 21. a4 Bf6 22. Bxf6 Qxf6 23. e3 Nb4 24. Ne1 b5 25. axb5 Rxb5 26. Qc4 Rbb8 27. Nd3 (27. f3 $1 $11 Ng5 28. Nd3) 27... Nxd3 $15 28. Qxd3 Rb2 29. Rc2 Rfb8 $36 {[%mdl 2048] White is under pressure.} 30. Rdc1 R2b3 31. Qa6 Qe5 32. Bxe4 fxe4 33. Rd1 h5 34. h4 Kh7 35. Qe2 Qf5 36. Rcd2 Qf3 37. Qxf3 exf3 $17 {[%mdl 4096] Endgame KRR-KRR} 38. Kh2 {[#]} (38. e4 $17) 38... Kg6 $1 $19 39. g4 (39. e4 $142) 39... R3b4 40. Rg1 $2 (40. Kg3 {was worth a try.}) 40... Rxg4 (40... hxg4 $142 41. Kg3 Kf5) 41. Rxg4+ $2 (41. Rg3) 41... hxg4 {KR-KR} 42. Kg3 Kf5 43. Rd1 Rc8 44. Re1 Ke4 45. Rc1 c4 46. Rc3 Kxd5 47. Kxg4 Ke4 48. Kg5 d5 49. Kg6 Rh8 50. h5 Rh6+ 51. Kg5 Ra6 52. Rc1 Ra2 53. Rf1 c3 54. Kg6 Ra7 55. Rc1 Rc7 {[#]} (55... Kd3 $19 56. Kf5 Kd2) 56. Kg5 c2 {Accuracy: White = 32%, Black = 70%.} 0-1

[Event "Hunan Belt and Road Open 2019"]
[Site "Hunan"]
[Date "2019.07.30"]
[Round "2.14"]
[White "Naiditsch, Arkadij"]
[Black "Lou, Yiping"]
[Result "1-0"]
[WhiteElo "2681"]
[BlackElo "2489"]
[Annotator "TA"]
[PlyCount "83"]
[EventDate "2019.07.29"]
[EventType "swiss"]
[EventCountry "CHN"]
[SourceTitle "playchess.com"]
[Source "ChessBase"]
[SourceQuality "1"]

{[%evp 13,83,18,17,0,6,-3,0,7,7,4,7,11,10,4,10,2,13,17,9,6,17,20,15,11,20,15,22,20,13,18,74,81,72,77,61,82,62,50,58,40,34,37,75,63,70,77,73,67,849,853,879,876,848,856,757,805,1483,1444,1385,1221,1576,1513,1424,1400,1300,1363,5081,4134,5106,3036,5297,5189]} 1. e4 c6 2. d4 d5 3. exd5 cxd5 4. Bd3 Nc6 5. c3 Qc7 6. h3 Nf6 7. Nf3 g6 8. Nbd2 {B13: Caro-Kann: Exchange Variation and Panov-Botvinnik Attack} (8. O-O Bf5 9. Be2 Bg7 10. Nbd2 O-O 11. a3 Rad8 12. Re1 Rfe8 13. Nf1 Ne4 14. Be3 a6 15. a4 e5 16. dxe5 Nxe5 17. Nxe5 Bxe5 {½-½ (36) Giri,A (2783)-Cheparinov,I (2709) St Petersburg 2018}) 8... Bf5 9. Be2 Bg7 10. Nf1 {The position is equal.} O-O $146 ({Predecessor:} 10... Rd8 11. Ng3 Bc8 12. O-O O-O 13. Bd3 Rfe8 14. Be3 {½-½ (52) Wantiez,F (2265)-Oltean,G (2054) Budapest 2017}) 11. Ne3 Bd7 12. O-O Rfe8 13. Bd3 Rad8 14. Re1 e5 15. dxe5 Nxe5 16. Nxe5 Rxe5 17. Nc2 Rxe1+ 18. Qxe1 Re8 19. Qf1 Nh5 20. Be3 Nf4 21. Bb5 {[#] Threatens to win with Bxf4.} Rd8 (21... Bc6 $11) 22. Bxd7 $16 Rxd7 23. Qb5 ({Don't go for} 23. Bxa7 $2 b6 $19) 23... Re7 24. Rd1 a6 25. Qf1 Rd7 26. Nb4 {Black must now prevent Bxf4.} d4 $1 {[%cal Rd4e3]} 27. cxd4 Nd5 28. Rc1 $36 {[%mdl 2048] White has some pressure.} Qd8 29. Nxd5 $1 Rxd5 30. Qc4 b5 $2 {[%mdl 8192] [#]} (30... Rd7 $14) 31. Qxd5 $1 $18 {White is clearly winning.} Qxd5 32. Rc8+ Bf8 33. Bh6 $1 {[%csl Gh6][%cal Rc8f8]} Qd6 34. g4 ({Weaker is} 34. Rxf8+ Qxf8 35. Bxf8 Kxf8 $16) 34... f6 35. Rxf8+ Qxf8 36. Bxf8 Kxf8 {[%mdl 4096] Endgame KP-KP} 37. Kg2 Ke7 38. Kf3 Ke6 39. Ke4 a5 40. d5+ Kd6 41. h4 a4 42. g5 {Accuracy: White = 84%, Black = 46%.} 1-0

[Event "Hunan Belt and Road Open 2019"]
[Site "Hunan"]
[Date "2019.07.30"]
[Round "2.15"]
[White "Najer, Evgeniy"]
[Black "Yu, Ruiyuan"]
[Result "1/2-1/2"]
[WhiteElo "2678"]
[BlackElo "2464"]
[Annotator "TA"]
[PlyCount "53"]
[EventDate "2019.07.29"]
[EventType "swiss"]
[EventCountry "CHN"]
[SourceTitle "playchess.com"]
[Source "ChessBase"]
[SourceQuality "1"]

{[%evp 15,53,26,30,14,50,27,31,47,44,42,43,19,36,14,12,17,33,24,25,12,13,12,35,-19,-22,-17,-21,-10,-17,-37,0,0,0,0,0,0,0,0,0,0]} 1. e4 c6 2. d4 d5 3. e5 Bf5 4. Nf3 e6 5. Be2 c5 6. Be3 cxd4 7. Nxd4 Ne7 8. O-O Nbc6 9. Bb5 {B12: Caro-Kann: Advance Variation} a6 10. Bxc6+ $1 ({But not} 10. Nxf5 Nxf5 11. Bxc6+ bxc6 $15) 10... Nxc6 11. Nxf5 {White is slightly better.} exf5 12. c3 Be7 13. f4 (13. Nd2 Qd7 14. Nf3 Qe6 15. Qb3 O-O 16. Bb6 Bd8 {½-½ (40) Navara,D (2739)-Radjabov,T (2756) Shamkir 2019}) 13... O-O {[#]} 14. Qb3 $146 ({Predecessor:} 14. Nd2 d4 15. cxd4 Nxd4 16. Nc4 Rc8 {½-½ (25) Oparin,G (2616)-Dreev,A (2652) Moscow 2016}) 14... Na5 15. Qc2 Qc8 16. Bf2 Bc5 17. Nd2 d4 18. c4 Nc6 19. Rad1 ({White should try} 19. a3 $14) 19... Nb4 $11 20. Qb3 a5 $1 {[%cal Ba6a5,Ba5a4][%mdl 32]} 21. Kh1 a4 22. Qh3 $1 Nxa2 (22... a3 {seems wilder.} 23. bxa3 Nc2 24. Nb3 Rxa3 25. Rd3 Ba7) 23. Nf3 {The position is equal.} a3 24. Bxd4 Bxd4 25. Nxd4 Qxc4 26. bxa3 Nc3 27. Rc1 {Accuracy: White = 65%, Black = 67%.} 1/2-1/2

[Event "Hunan Belt and Road Open 2019"]
[Site "Hunan"]
[Date "2019.07.30"]
[Round "2.16"]
[White "Bilguun, Sumiya"]
[Black "Motylev, Alexander"]
[Result "1/2-1/2"]
[WhiteElo "2482"]
[BlackElo "2654"]
[Annotator "TA"]
[PlyCount "50"]
[EventDate "2019.07.29"]
[EventType "swiss"]
[EventCountry "CHN"]
[SourceTitle "playchess.com"]
[Source "ChessBase"]
[SourceQuality "1"]

{[%evp 10,50,34,21,27,28,23,29,28,25,31,25,26,17,15,14,18,0,0,0,2,2,10,0,31,7,4,0,6,0,8,-20,0,0,0,0,0,0,26,22,17,5,31]} 1. e4 c5 2. Nf3 Nc6 3. d4 cxd4 4. Nxd4 e5 5. Nb5 d6 6. c4 Nf6 {B32: Sicilian: Löwenthal and Kalashnikov Variations} (6... Be7 7. N1c3 a6 8. Na3 Be6 9. Nc2 Rc8 10. Be2 Nf6 11. Be3 O-O 12. O-O Nb8 13. Na3 Nc6 14. Rc1 h6 15. Nc2 Nb8 16. Na3 Nc6 17. h3 Nd7 18. Nc2 f5 19. exf5 Bxf5 20. Bg4 Bh7 21. c5 Nxc5 22. Bxc8 Qxc8 23. Nd5 Bd8 24. Ncb4 Qe6 25. Nxc6 bxc6 {1-0 (57) Yu,Y (2750)-Moiseenko,A (2667) China 2017}) 7. N1c3 a6 8. Na3 Be6 {White has an edge.} 9. Be2 Nd4 10. O-O Rc8 11. Bd3 g6 $146 ({Predecessor:} 11... Be7 12. Be3 Nc6 13. f3 O-O 14. Qd2 {1-0 (53) Rubil,M (2227)-Santa,R (2174) Mali Losinj 2018}) 12. b3 Bg7 13. Ne2 Nc6 14. Nc2 O-O 15. Bg5 h6 16. Bh4 b5 (16... g5 $5 17. Bg3 $8 {[#]} b5 $1 $11 {[%mdl 512]}) 17. Ne3 g5 18. Bg3 bxc4 19. bxc4 Nh5 20. Rb1 Nf4 21. Nc3 Nd4 22. Ne2 Nc6 23. Nc3 Qa5 24. Ncd5 $1 Rb8 25. Bxf4 exf4 {Accuracy: White = 73%, Black = 65%.} 1/2-1/2

[Event "Hunan Belt and Road Open 2019"]
[Site "Hunan"]
[Date "2019.07.30"]
[Round "2.17"]
[White "Lupulescu, Constantin"]
[Black "Xu, Jun"]
[Result "1/2-1/2"]
[WhiteElo "2649"]
[BlackElo "2477"]
[Annotator "TA"]
[PlyCount "106"]
[EventDate "2019.07.29"]
[EventType "swiss"]
[EventCountry "CHN"]
[SourceTitle "playchess.com"]
[Source "ChessBase"]
[SourceQuality "1"]

{[%evp 14,106,22,9,18,7,12,13,25,26,25,20,22,12,26,25,36,42,39,27,31,33,27,27,29,22,17,17,25,0,0,0,0,0,0,0,0,0,0,0,0,0,0,0,0,0,22,0,0,0,0,0,29,0,0,0,0,0,0,0,0,1,8,1,36,29,26,0,8,8,44,8,8,8,8,0,0,0,0,0,0,0,0,0,8,0,0,0,0,0,0,0,0,0,0]} 1. e4 e5 2. Nf3 Nc6 3. Bc4 Bc5 4. d3 Nf6 5. O-O d6 6. c3 O-O 7. Re1 h6 8. h3 a6 {C54: Giuoco Piano: 4 c3 Nf6, main lines with 5 d4 and 5 d3} 9. a4 Ba7 10. Nbd2 Be6 11. Bxe6 fxe6 12. b4 {[%cal Bb2b4,Bb4b5][%mdl 32]} Nh5 13. Ra2 Nf4 14. Nc4 Qf6 {[#]} 15. b5 $146 ({Predecessor:} 15. Kh2 Qg6 {½-½ (73) Kryvoruchko,Y (2689)-Bu,X (2730) Riadh 2017}) 15... Ne7 {next ...Nxh3+! is good for Black.} 16. Bxf4 Qxf4 17. b6 (17. Qb3 {seems wilder.} Ng6 18. b6 cxb6 19. Nxd6 Rad8 20. Qxe6+ Kh7 21. Nc4) 17... Bxb6 18. Nxb6 cxb6 19. Qb3 Qf7 20. Qxb6 Ng6 21. Qxd6 Rfd8 22. Qc5 Rac8 23. Qa5 Rxd3 24. Nxe5 Nxe5 25. Qxe5 Rcxc3 26. Rb2 Kh7 27. Reb1 Rc7 28. f3 Rcd7 29. Rb6 Re7 30. Kh2 Rd2 31. R1b2 Rxb2 32. Rxb2 $11 {[%mdl 4096] Endgame KQR-KQR} Rd7 33. f4 Rd1 34. Rb6 Rf1 35. Rxe6 {[#] aiming for f5.} Qxf4+ 36. Qxf4 Rxf4 {KR-KR} 37. Kg3 Rf7 38. a5 Kg8 39. Re8+ Kh7 $1 40. Re6 Kg8 41. Rb6 Kf8 42. h4 Rc7 {The position is equal.} 43. Kf4 Rc5 $1 44. e5 Rxa5 {White should prevent ...Rb5.} 45. Rxb7 g6 46. Ke4 Rb5 47. Ra7 a5 48. g3 Kg8 49. e6 {[#] Black must now prevent Ra8+.} Kf8 50. Rf7+ Ke8 51. Rg7 a4 {And now ...Ra5 would win.} 52. Ra7 ({Reject} 52. Rxg6 Ra5 $17) 52... a3 53. Rxa3 Ke7 {Accuracy: White = 54%, Black = 62%.} 1/2-1/2

[Event "Hunan Belt and Road Open 2019"]
[Site "Hunan"]
[Date "2019.07.30"]
[Round "2.18"]
[White "Zou, Chen"]
[Black "Sethuraman, S.P."]
[Result "0-1"]
[WhiteElo "2440"]
[BlackElo "2630"]
[Annotator "TA"]
[PlyCount "72"]
[EventDate "2019.07.29"]
[EventType "swiss"]
[EventCountry "CHN"]
[SourceTitle "playchess.com"]
[Source "ChessBase"]
[SourceQuality "1"]

{[%evp 30,72,26,33,33,5,9,9,19,19,19,19,19,19,19,12,13,0,0,3,0,-53,-53,-73,-41,-566,-618,-592,-600,-537,-575,-864,-857,-783,-700,-1190,-970,-29985,-29986,-29986,-29987,-29986,-29987,-29966,-1008]} 1. e4 c5 2. Nf3 d6 3. d4 cxd4 4. Nxd4 Nf6 5. Nc3 Nc6 6. Bg5 e6 7. Qd2 a6 8. O-O-O Bd7 9. f4 Be7 10. Nf3 b5 11. Bxf6 gxf6 12. Kb1 Qb6 13. f5 O-O-O 14. g3 Kb8 15. fxe6 fxe6 16. Bh3 Na5 {[%cal Bc6a5,Ba5c4,Bc4a3][%mdl 32] B69: Sicilian: Richter-Rauzer: 7...a6 8 0-0-0 Bd7 9 f4 Be7 10 Nf3 b5 11 Bxf6} 17. Nd4 (17. Rhe1 b4 18. Ne2 e5 19. Bxd7 Rxd7 20. Qd5 Rc8 21. b3 Rdc7 22. Rd2 Nc6 23. Nh4 Na7 24. Nf5 {0-1 (60) Le,Q (2715)-Gupta,A (2588) Douglas 2018}) 17... b4 $1 {[%cal Rb4c3]} 18. Nce2 e5 {The position is equal.} 19. Bxd7 Rxd7 20. Nf5 Nc4 21. Qd3 Rc8 22. Nc1 a5 {[%cal Ba6a5,Ba5a4][%mdl 32]} 23. Nb3 $146 ({Predecessor:} 23. Rhe1 Rdc7 24. Nb3 {1-0 (49) Mohammad Fahad,R (2278)-Zia,T (1981) Dhaka 2019}) 23... d5 24. exd5 {Black should prevent Nd2.} a4 $40 {[%mdl 128] Black has some attack.} 25. Nd2 (25. Nxe7 $11 Rxe7 26. Nd2) 25... Na3+ $1 $15 {[%mdl 64] Discovered Attack} 26. bxa3 {[#] Hoping for Ka1.} Rc3 $1 {[%cal Rc3d3]} 27. Qe2 $2 {[%mdl 8192]} (27. Nc4 $15 Qc5 28. Nb2 Rxd3 29. Nxd3) 27... bxa3+ $19 28. Nb3 axb3 29. cxb3 {[#]} Rxb3+ $1 {[%mdl 512]} 30. Ka1 (30. axb3 Qxb3+) 30... Rb2 31. Rb1 Bb4 ({Stronger than} 31... Rxe2 32. Rxb6+ Ka7 33. Rhb1 $11) ({Weaker is} 31... Rb7 32. Rxb2 axb2+ 33. Kb1 $17) 32. Qe3 Qb5 33. Rhd1 Qc4 {[%csl Gc4][%cal Rb2a2] Black mates.} 34. Rxb2 axb2+ 35. Kb1 Rc7 {[%csl Gc7][%cal Rc4c2]} 36. Qb6+ Ka8 {Accuracy: White = 42%, Black = 86%.} (36... Kc8 $142 37. Nd6+ Bxd6 38. Qxc7+ Kxc7 39. Kxb2 {[#]} Qe2+ $1 {[%mdl 576] Double Attack} 40. Kb3 Qxd1+ {[%mdl 64] Double Attack} 41. Kc3 Ba3 42. d6+ Kxd6 43. Kc4 Kc6 44. Kc3 e4 45. h4 Qd3#) 0-1